| 000 | 00467nam a2200181Ia 4500 | ||
|---|---|---|---|
| 008 | 170705s9999 xx 000 0 und d | ||
| 020 | _a670878731 | ||
| 245 | _aHorrible Harry moves up to third grade / | ||
| 245 | _cSuzy Kline ; pictures by Frank Remkiewicz. | ||
| 260 | _aLondon : | ||
| 260 | _bPuffin Books, | ||
| 260 | _c1998 | ||
| 300 | _a58 pages : | ||
| 300 | _bcolor illustration ; | ||
| 300 | _c20cm. | ||
| 440 | _aHorrible Harry. | ||
| 500 | _a460 | ||
| 999 |
_c335830 _d335830 |
||